Topps Bunt 21 Quiz - Which Players are in the 2021 Road Trip set - Statistics

General Stats
  • This quiz has been taken 9 times
  • The average score is 46 of 124
Answer Stats
Team Answer % Correct
NYM Fransisco Lindor
100%
HOU Alex Bregman
75%
LAA Anthony Rendon
75%
MIL Christian Yelich
75%
BOS Eduardo Rodriguez
75%
ARI Ketel Marte
75%
OAK Matt Olson
75%
LAA Mike Trout
75%
MIN Nelson Cruz
75%
ATL Ronald Acuna Jr.
75%
MIA Starling Marte
75%
WAS Trea Turner
75%
ARI Zac Gallen
75%
NYY Aaron Judge
50%
PHI Aaron Nola
50%
PHI Alec Bohm
50%
TOR Bo Bichette
50%
MIA Brian Anderson
50%
PIT Bryan Reynolds
50%
PHI Bryce Harper
50%
KC Carlos Santana
50%
COL Charlie Blackmon
50%
MIL Corbin Burnes
50%
ATL Dansby Swanson
50%
NYM Dominic Smith
50%
SF Evan Longoria
50%
SD Fernando Tatis Jr.
50%
HOU Framber Valdez
50%
LAD Gavin Lux
50%
TOR George Springer
50%
ATL Ian Anderson
50%
NYM Jacob deGrom
50%
CIN Joey Votto
50%
CLE Jose Ramirez
50%
WAS Josh Bell
50%
MIN Josh Donaldson
50%
WAS Juan Soto
50%
CHC Kris Bryant
50%
HOU Kyle Tucker
50%
CHW Lucas Giolito
50%
CIN Luis Castillo
50%
TOR Marcus Semien
50%
OAK Matt Chapman
50%
DET Miguel Cabrera
50%
STL Nolan Arenado
50%
STL Paul Goldschmidt
50%
BOS Rafael Devers
50%
TB Randy Arozarena
50%
BAL Ryan Mountcastle
50%
OAK Sean Murphy
50%
CLE Shane Bieber
50%
COL Trevor Story
50%
TB Tyler Glasnow
50%
CHW Yoan Moncada
50%
HOU Yordan Alvarez
50%
SD Yu Darvish
50%
PHI Zack Wheeler
50%
BOS Alex Verdugo
25%
CLE Andres Gimenez
25%
KC Andrew Benintendi
25%
CIN Aristides Aquino
25%
MIL Avisail Garcia
25%
BOS Bobby Dalbec
25%
KC Brad Keller
25%
NYM Brandon Nimmo
25%
COL Brendan Rodgers
25%
DET Casey Mize
25%
NYY CC Sabathia
25%
TB Chris Archer
25%
NYY Clint Frazier
25%
LAD Cody Bellinger
25%
TEX David Dahl
25%
LAA David Fletcher
25%
NYM David Wright
25%
NYY Deivi Garcia
25%
SF Donovan Solano
25%
STL Dylan Carlson
25%
SEA Dylan Moore
25%
ATL Freddie Freeman
25%
COL German Marquez
25%
TOR Hyun-Jin Ryu
25%
CHC Ian Happ
25%
SEA Ichiro
25%
TEX Isiah Kiner-Falefa
25%
SD Jake Cronenworth
25%
LAA Jared Walsh
25%
MIN Joe Mauer
25%
TEX Joey Gallo
25%
TB Joey Wendle
25%
BAL John Means
25%
KC Jorge Soler
25%
PIT Ke’Bryan Hayes
25%
MIN Kenta Maeda
25%
ARI Kole Calhoun
25%
MIL Kolton Wong
25%
STL Kwang-Hyun Kim
25%
CHW Lance Lynn
25%
CHW Luis Robert
25%
ARI Luke Weaver
25%
WAS Max Scherzer
25%
SF Mike Yastrzemski
25%
SEA Mitch Haniger
25%
PIT Mitch Keller
25%
OAK Mitch Moreland
25%
TEX Nick Solak
25%
CHC Nico Hoerner
25%
DET Robbie Grossman
25%
MIA Sixto Sanchez
25%
PIT Todd Frazier
25%
LAD Tony Gonsolin
25%
SD Trent Grisham
25%
BAL Trey Mancini
25%
LAD Walker Buehler
25%
MIN Alex Krilloff
0%
BAL Anthony Santander
0%
SF Buster Posey
0%
CLE Eddie Rosario
0%
NYY Gerrit Cole
0%
CHC Jake Arrietta
0%
DET Jeimer Candelario
0%
SEA J.P. Crawford
0%
SEA Justus Sheffield
0%
CIN Mike Moustakas
0%
MIA Pablo Lopez
0%
No matching quizzes found
Score Distribution
Percent of People with Each Score
Percentile by Number Answered
Your Score History
You have not taken this quiz